Process improvement principles: a concise guide for managers

Guardado en:
Detalles Bibliográficos
Autor principal: Pegden, Claude Dennis (Autor)
Formato: Libro
Lenguaje:inglés
Publicado: Filadelfia Simio 2015
Edición:1a. ed
Materias:
Etiquetas: Agregar Etiqueta
Sin Etiquetas, Sea el primero en etiquetar este registro!

MARC

LEADER 00000cam a2200000 a 4500
001 UCD1460
003 CL-VaPUC
008 160303e20150204us |||||||||||||||||eng|d
020 |a 9781503108240 
082 0 4 |a 658.5  |b PEG  |2 21 
100 0 |a Pegden, Claude Dennis  |e author  |9 584542 
245 1 0 |a Process improvement principles: a concise guide for managers 
250 |a 1a. ed 
300 |a 64 p 
942 |c BK 
945 |d 20160303 03:41:00  |a arojas 
260 |a Filadelfia  |b Simio  |c 2015 
650 0 |a Mejora de procesos  |9 584543 
650 0 |a Gestión administrativa  |9 375217 
650 0 |a Análisis de sistemas   |9 260059 
650 7 |a GERENTES  |2 CL-VaPUC  |9 341797 
583 |a last modification  |c 20160303 03:41:00  |k Rodrigo Vera 
999 |c 362765  |d 362763 
952 |0 0  |1 0  |3 erb  |4 0  |6 658_500000000000000_PEG_2015  |7 0  |8 A  |9 474241  |a BIBING  |b BIBING  |i 5265630  |o 658.5 PEG 2015  |p 5265630  |r 2025-01-20  |w 2019-11-24  |y BK  |z Catalogado en:20160303  |k EII